Aspects of E. M. Forster : (Record no. 273003)

MARC details
000 -LEADER
fixed length control field 01166nam a2200325 a 4500
001 - CONTROL NUMBER
control field vtls000316325
003 - CONTROL NUMBER IDENTIFIER
control field NLI
005 - DATE AND TIME OF LATEST TRANSACTION
control field 20210602140158.0
008 - FIXED-LENGTH DATA ELEMENTS--GENERAL INFORMATION
fixed length control field 101203s1969 enkcf 001 0beng
020 ## - INTERNATIONAL STANDARD BOOK NUMBER
Terms of availability Rs. 42.00
039 #9 - LEVEL OF BIBLIOGRAPHIC CONTROL AND CODING DETAIL [OBSOLETE]
-- 201012032148
-- VLOAD
040 0# - CATALOGING SOURCE
Original cataloging agency NLI
Language of cataloging eng
Transcribing agency VERGIS-2010
Description conventions AACR2
041 0# - LANGUAGE CODE
Language code of text/sound track or separate title eng
044 ## - COUNTRY OF PUBLISHING/PRODUCING ENTITY CODE
MARC country code enk
082 04 - DEWEY DECIMAL CLASSIFICATION NUMBER
Classification number 823.91
100 1# - MAIN ENTRY--PERSONAL NAME
Personal name Forster, E. M.
9 (RLIN) 104844
245 10 - TITLE STATEMENT
Title Aspects of E. M. Forster :
Remainder of title essays and recollections written for his ninetieth birthday, 1st January 1969 /
Statement of responsibility, etc. edited by Oliver Stallybrass
260 ## - PUBLICATION, DISTRIBUTION, ETC.
Place of publication, distribution, etc. London :
Name of publisher, distributor, etc. Edward Arnold,
Date of publication, distribution, etc. 1969
300 ## - PHYSICAL DESCRIPTION
Extent viii, 195 p. :
Other physical details plate, port. ;
Dimensions 23 cm.
500 ## - GENERAL NOTE
General note Library has 2. cops.
504 ## - BIBLIOGRAPHY, ETC. NOTE
Bibliography, etc. note Includes bibliographical references and index
600 10 - SUBJECT ADDED ENTRY--PERSONAL NAME
Personal name Forster, E. M.
Fuller form of name (Edward Morgan),
Dates associated with a name 1879-1970
650 #0 - SUBJECT ADDED ENTRY--TOPICAL TERM
Topical term or geographic name entry element Novelists, English
Chronological subdivision 20th century
General subdivision Biography
9 (RLIN) 173965
700 1# - ADDED ENTRY--PERSONAL NAME
Personal name Stallybrass, Oliver,
Relationship edt
9 (RLIN) 92411
887 ## - NON-MARC INFORMATION FIELD
Content of non-MARC field
901 ## - LOCAL DATA ELEMENT A, LDA (RLIN)
a 394731
b 04.03.1970
9 c.2
902 ## - LOCAL DATA ELEMENT B, LDB (RLIN)
a E 823.91 St 18
942 ## - ADDED ENTRY ELEMENTS (KOHA)
Source of classification or shelving scheme Dewey Decimal Classification
Koha item type Books
Holdings
Withdrawn status Lost status Damaged status Not for loan Collection code Home library Current library Shelving location Date acquired Total Checkouts Full call number Date last seen Price effective from Koha item type
        New English National Library of India National Library of India New English - Main Stack Division     E 823.91 St 18 02/06/2021 02/06/2021 Books
                                                                           
web counter

Copyright ©2020 The National Library of India, Govt. of India ↔ Hosted by NVLI, MOC ↔ Technology and Design by National Library of India, Ministry of Culture, Govt. of India